| 000 | 00627nam a2200193Ia 4500 | ||
|---|---|---|---|
| 003 | STCL | ||
| 005 | 20150710122617.0 | ||
| 008 | 150610s9999 xx 000 0 und d | ||
| 020 | _a9788126440184 | ||
| 040 |
_aSTCL _bEN _cSTCL |
||
| 082 | _222 | ||
| 100 | _aPottekkatt, S.K. | ||
| 245 | _aഎസ്. കെ. പൊറ്റെക്കാട്ടിന്റെ കഥകള് സമ്പൂര്ണ്ണം: വാല്യം ഒന്ന് | ||
| 246 | _aSK Pottekkattinte Kathakal Sampoornam: volume 1 | ||
| 260 |
_bDC Books _aKottayam _c2013 |
||
| 300 | _a798 | ||
| 546 | _aMalayalam | ||
| 942 |
_2ddc _cBK |
||
| 999 |
_c83267 _d83267 |
||